Comment on estimation and interpretation of empirical studies in industrial economics

Salvato in:
Dettagli Bibliografici
Autore principale: Hinloopen, Jeroen
Altri autori: Martin, Stephen
Natura: Libro
Lingua:inglese
Pubblicazione: San Domenico (FI) European University Institute 1995
Serie:EUI Working paper ECO No. 95/33
Soggetti:
Tags: Aggiungi Tag
Nessun Tag, puoi essere il primo ad aggiungerne!!

MARC

LEADER 00000nam a2200000 4500
001 c134257
005 20221123112219.2
041 0 |a eng 
044 |a IT 
245 1 0 |a Comment on estimation and interpretation of empirical studies in industrial economics  |c Jeroen Hinloopen and Stephen Martin 
264 1 |a San Domenico (FI)  |b European University Institute  |c 1995 
300 |a 10 s. 
490 1 |a EUI Working paper ECO  |v No. 95/33 
830 0 |a EUI Working paper ECO  |v No. 95/33 
610 2 0 |a odhad štatistický 
610 2 0 |a modelovanie ekonometrické 
610 2 0 |a regresia 
100 1 |a Hinloopen, Jeroen 
700 1 |a Martin, Stephen